[Event "Sant' Anna op 10th"]
[Site "Pisignano di Vernole"]
[Date "2007.08.11"]
[Round "7"]
[White "Guido, Andrea"]
[Black "Fontanarosa, Luca"]
[Result "1-0"]
[WhiteElo "1808"]
[BlackElo "1817"]
[PlyCount "134"]
[EventDate "2007.08.07"]
[EventType "swiss"]
[EventRounds "7"]
[EventCountry "ITA"]
[SourceTitle "EXT 2009"]
[Source "ChessBase"]
[SourceDate "2008.11.26"]
[SourceVersion "1"]
[SourceVersionDate "2008.11.26"]
[SourceQuality "1"]

1. d4 d5 2. c4 c6 3. Nf3 Nf6 4. cxd5 cxd5 5. Nc3 Nc6 6. Bf4 Bf5 7. e3 e6 8. Bb5 Nd7 9. Qa4 Rc8 10. Bxc6 Rxc6 11. Qxa7 Qc8 12. Qa5 Rb6 13. Nb5 Be7 14. 0-0 0-0 15. Rfc1 Rc6 16. Qd2 Qa8 17. Rxc6 bxc6 18. Nc3 Nb6 19. b3 Bb4 20. Ne5 Qa5 21. Rc1 Rc8 22. g4 Bg6 23. Nxg6 hxg6 24. Rc2 f6 25. Qd3 Kf7 26. g5 c5 27. Bd6 c4 28. bxc4 Bxd6 29. c5 Bxc5 30. dxc5 Qxc5 31. Rb2 d4 32. Qxd4 Qxg5+ 33. Kf1 Qc5 34. Rxb6 Qxd4 35. exd4 Rxc3 36. Rb7+ Kg8 37. a4 Ra3 38. Ra7 Kh7 39. a5 Ra4 40. a6 Rxd4 41. Re7 Rd6 42. a7 Ra6 43. Kg2 e5 44. Kf3 f5 45. h4 Ra3+ 46. Ke2 e4 47. Kd2 Ra2+ 48. Kc3 Ra3+ 49. Kb4 Ra2 50. Kb5 Ra3 51. Kb6 Rb3+ 52. Kc7 Ra3 53. Kb8 Rb3+ 54. Rb7 Ra3 55. a8Q Rxa8+ 56. Kxa8 Kh6 57. Rf7 Kh5 58. Rxg7 f4 59. Kb7 e3 60. fxe3 fxe3 61. Re7 Kxh4 62. Rxe3 g5 63. Kc6 g4 64. Kd5 g3 65. Ke4 g2 66. Re1 Kg4 67. Ke3 Kg3 1-0

[Event "Sant' Anna op 10th"]
[Site "Pisignano di Vernole"]
[Date "2007.08.08"]
[Round "2"]
[White "Fontanarosa, Luca"]
[Black "Dappiano, Andrea"]
[Result "0-1"]
[WhiteElo "1817"]
[BlackElo "1914"]
[PlyCount "128"]
[EventDate "2007.08.07"]
[EventType "swiss"]
[EventRounds "7"]
[EventCountry "ITA"]
[SourceTitle "EXT 2009"]
[Source "ChessBase"]
[SourceDate "2008.11.26"]
[SourceVersion "1"]
[SourceVersionDate "2008.11.26"]
[SourceQuality "1"]

1. e4 e6 2. Qe2 c5 3. Nf3 Nc6 4. d3 Be7 5. c3 d5 6. e5 Qb6 7. g3 Bd7 8. Bg2 0-0-0 9. 0-0 f6 10. exf6 gxf6 11. d4 cxd4 12. cxd4 Nxd4 13. Nxd4 Qxd4 14. Be3 Qa4 15. Nc3 Qa5 16. Rfc1 Kb8 17. a3 Be8 18. b4 Qa6 19. b5 Qa5 20. Bf4+ Bd6 21. Qxe6 Bxf4 22. gxf4 Bd7 23. Qd6+ Qc7 24. Qxc7+ Kxc7 25. Nxd5+ Kb8 26. a4 Be6 27. Ne3 Nh6 28. Rd1 Ng4 29. Rxd8+ Rxd8 30. Re1 Nxe3 31. fxe3 b6 32. Be4 h6 33. Kf2 Rd2+ 34. Re2 Rxe2+ 35. Kxe2 Bb3 36. Kf3 Bd1+ 37. Kg3 Kc7 38. Bf3 Bxa4 39. Be2 Bc2 40. Kg4 Bg6 41. Bc4 Kd6 42. f5 Be8 43. Kf4 Kc5 44. Be6 Bxb5 45. e4 Kd6 46. Bf7 Be2 47. Ke3 Bg4 48. Kd4 b5 49. Bb3 a5 50. e5+ fxe5+ 51. Ke4 Ke7 52. Kxe5 Bh5 53. f6+ Kf8 54. Kd4 Bf7 55. Bc2 b4 56. Ba4 Be8 57. Bd1 Bf7 58. Ba4 Ba2 59. Kd3 Kf7 60. Kc2 Kxf6 61. Kb2 Be6 62. Bc6 Ke5 63. Bb5 Ke4 64. Ba6 Kf3 0-1